| 000 | 00723cam a2200229 a 4500 | ||
|---|---|---|---|
| 008 | |||
| 020 | _a0412414104 (hbk.) | ||
| 049 | _aMAIN | ||
| 090 | _aQH316.5 | ||
| 100 | 1 | _aRoberts, E. A. | |
| 245 | 1 | 0 |
_aSequential data in biological experiments : _ban introduction for research workers / _cE.A. Roberts. |
| 260 |
_aLondon : _bChapman & Hall, _c1992. |
||
| 300 |
_axii, 240 p. : _bill. ; _c13 cm. |
||
| 504 | _aIncludes bibliographical references. | ||
| 500 | _aIncludes index. | ||
| 650 | 0 |
_aBiology _xExperiments _xStatistical methods. |
|
| 907 |
_a.b10169659 _b01-08-05 _c28-07-05 |
||
| 003 | |||
| 005 | 20230123134041.0 | ||
| 040 | _cNUST | ||
| 942 |
_cBOOKS _kQH316.5 |
||
| 999 |
_c159147 _d159147 |
||